| 000 | 00336nam a2200109Ia 4500 | ||
|---|---|---|---|
| 008 | 171211s9999 xx 000 0 und d | ||
| 245 | _aDictionary of American Idioms and Phrasal Verbs | ||
| 245 | _cRichard A. Spears | ||
| 260 | _c2003 | ||
| 650 | _xEncyclopedia and Dictionary | ||
| 856 | _uhttp://down.ebook777.com/056/9780071408585.pdf | ||
| 999 |
_c350190 _d350190 |
||